| 000 | 00917cam a22002774a 4500 | ||
|---|---|---|---|
| 001 | 13240991 | ||
| 005 | 20250129205328.0 | ||
| 008 | 030617s2003 moua b 001 0 eng | ||
| 020 | _a0323005063 | ||
| 020 | _a9780323005067 | ||
| 050 | 0 | 0 |
_aRC48 _b.P76 2003 |
| 082 | 0 | 0 |
_a616 _221 |
| 245 | 0 | 0 |
_aPfenninger and Fowler's procedures for primary care / _cedited by John L. Pfenninger, Grant C. Fowler. |
| 250 | _a2nd ed. | ||
| 260 |
_aSt. Louis, MO : _bMosby, _cc2003. |
||
| 300 |
_axxxi, 2080 p. : _bill. ; _c29 cm. |
||
| 500 | _aRev. ed. of: Procedures for primary care physicians. c1994. | ||
| 650 | 0 | _aPrimary care (Medicine) | |
| 650 | 0 | _aSurgery, Minor. | |
| 650 | 1 | 2 |
_aPrimary Health Care _xmethods. |
| 650 | 2 | 2 | _aDiagnostic Techniques and Procedures. |
| 650 | 2 | 2 |
_aSurgical Procedures, Operative _xmethods. |
| 700 | 1 | _aPfenninger, John L. | |
| 700 | 1 | _aFowler, Grant C. | |
| 942 |
_2lcc _cBK _e2nd ed. _n0 |
||
| 999 |
_c3244 _d3244 |
||